000 00619nab a2200193 4500
001 244442
003 OSt
005 20260209125059.0
007 tu
008 260209s2020|||||||
040 _aDE-2950
_cDE-2950
245 0 0 _aAusgabensperre verfügt
_bPolitik. Damit der Haushalt in Frankfurt überhaupt noch genehmigt werden kann, hat das Land der Stadt strenge Auflagen gemacht/
_cThomas Gutke
264 _c2025
653 _aFrankfurt (Oder)
653 _aHaushalt
653 _aAusgabensperre
773 0 _g37. Jahrgang (2026) Nr. 26 vom 31.01.2026 , S. 17 mit Fotos
_tMärkische Oderzeitung
942 _2z
_cA
999 _c374271
_d374271